| 000 | 03124cam a2200361 i 4500 | ||
|---|---|---|---|
| 001 | 25888 | ||
| 003 | Mx-PuUPA | ||
| 005 | 20251030105718.0 | ||
| 008 | 140415s2012 mx a gr 000 0 spa d | ||
| 020 |
_a9781463336936 _qserie |
||
| 040 |
_aMx-PuUPA _bspa _cMx-PuUPA _dMx-PuUPA _erda |
||
| 041 | 0 | _aspa | |
| 043 | _an-mx--- | ||
| 100 | 1 |
_aGarcía Cabrera, José Luis, _d1951- _917632 _eautor |
|
| 245 | 1 | 3 |
_aLos tufos del narco / _cJosé Luis García Cabrera |
| 250 |
_a1a. edición / _bjunio |
||
| 264 | 1 |
_aMéxico, D. F. : _bPopulibros Libertad : División Editorial, _c2012 |
|
| 300 |
_a7 volúmenes : _bilustraciones ; _c21 cm |
||
| 336 |
_2rdacontent _atexto _btxt |
||
| 336 |
_2rdacontent _aimagen fija _bsti |
||
| 337 |
_2rdamedia _asin medio _bn |
||
| 338 |
_2rdacarrier _avolumen _bnc |
||
| 500 | _a"Fascículos basados en el Libro 1920-2000 ¡El pastel!. -- Cubierta | ||
| 500 | _aSerie incompleta, sólo tenemos: volúmenes, 1, 4, 5. 6, 7, 8, 9. | ||
| 505 |
_gv.1 _tSucesos que permitieron la evolución del narco tráfico : narcos viejos : inicio de los fundadores de los cárteles de Guadalajara, Sinaloa, Golfo, Juárez y Tijuana, cuna de los capos de hoy -- _gv.4 _tNarcos viejos le llamaban El Señor de los Cielos : cómo nacen los cárteles de Guadalajara, Medellín y Cali: primera pillerías de García Ábreg. El Cacho, Medrano García, El Amable y Matta Ballesteros -- _gv.5 _tErnesto Fonseca Carrillo Don Neto Ocaso de un capo : También datos poco conocidos de los primeros narcos de Colombia y los Rodríguez Orejuela, Pablo Escobar, Los Ochoa, El Mexicano, Lehder Rivas, Matta Ballesteros, entre otros -- _gv.6 _tLas reinas de la coca : además: Las relaciones ocultas de Camarena con Caro Quintero; Don Juan cede el trono a García Ábrego; El Cacho, sólo un matón; Huy Óscar López, El Profe -- _gv.7 _tMiguel Ángel Félix Gallardo El Padrino : además: Masacre en la Clínica raya ; Trece hombres importantes ; Por qué caó Miguel Aldana y cómo los sistitutyó Ventura al frente de la Interpol ; Caro Quintero, El Chivo expiatorio ; La "Traición" de Camarena ; La confederación continental de narcos, y otros desconocidos sucesos -- _gv.8 _tEl capo más viejo que jamás ha pisado la prisión El Mayo Zambada : además: El amable ; El asesinato de Buendía ; La DFS, El Chocorrol y otras oportunas muertes; Los delegados de Zorrilla ; Guillermo González Calderoni ; Oliverio Chávez Araujo Y García Ábrego -- _gv.9 _tJuan José Esparragoza Moreno, El Azul ¿El último capo? : una leyenda del narcotráfico mexicano, que fue discreto hasta para "MOrir", además, en este fascículo: El Greñas, El Pablote Aguilar Guajardo, Jesús Roberto Guerra Velasco, El Profesor, Tomás Morlett, García Ábrego y El Amable. |
||
| 650 | 7 |
_2armarc _aTráfico de drogas _zMéxico |
|
| 650 | 7 |
_2armarc _aNarcotráfico _zMéxico _xHistoria |
|
| 942 |
_2ddc _cLI _h364.133650972 _iG25 |
||
| 999 |
_c25888 _d25888 |
||